000
00331nam a2200145Ia 4500
008
150201s2007 xx 000 0 und d
082
_a
612.015
_b
B07B
100
_a
BERG, JEREMY M.
245
_a
BIOCHEMISTRY
250
_a
6TH
260
_b
FREEMAN
_a
NEW YORK
_c
2007
300
_a
1-1022
650
_a
BIOCHEMISTRY
942
_2
ddc
_c
BK
999
_c
289
_d
289